000 00875nam a2200241 a 4500
999 _c10773
_d10773
001 10773
003 BD-JhCC
005 20180908121359.0
008 180908s20161978bg a|||| |||| 000 0 ben d
020 _a9789849070504
035 _a(BD-JhCC)10773
040 _aBD-JhCC
_dBD-JhCC
041 _aben
082 _a647
_bKOB 2016
100 _aকবীর, অধ্যাপিকা সিদ্দিকা
245 _aরান্না খাদ্য পুষ্টি /
_cঅধ্যাপিকা সিদ্দিকা কবীর
260 _aঢাকা :
_bমাওলা ব্রাদার্স,
_c২০১৬.
300 _a৪৪৭ পৃ. :
_bচিত্রাবলী,
_c২৫ সেমি.
504 _aIncludes Bibliography
650 _aNutrition--Study and teaching
650 _aCooking--Study and teaching
942 _2ddc
_cBK